| 000 | nam a22 a 4500 | ||
|---|---|---|---|
| 999 |
_c1892 _d1892 |
||
| 003 | AKMAL | ||
| 005 | 20170512114314.0 | ||
| 008 | 170512s2007 my | e | f000 0 eng d | ||
| 020 | _a9789834306052 (pbk.) | ||
| 039 | 9 |
_a201108190945 _birfah _c201108190933 _dirfah _c201108121028 _dnorhidayah _c201104151000 _drasidah |
|
| 040 |
_aAKMAL _cAKMAL |
||
| 049 | _amal | ||
| 082 | 0 | 4 |
_a345.59502 BIL _222 |
| 090 | 0 | 0 |
_a345.59502 _bBIL |
| 245 | 0 | 0 | _aBilateral and multilateral counter-terrorism instruments |
| 260 |
_aPutrajaya : _bInternational Affairs Division, Attorney's General's Chambers Malaysia, _c2007 |
||
| 300 |
_avii, 354p. ; _c23cm |
||
| 650 | 1 | 0 |
_aTerrorism (International law) _93929 |
| 650 | 2 | 0 |
_aTerrorism _xPrevention _xInternational cooperation _93930 |
| 650 | 2 | 0 |
_aTerrorism _xPrevention _xLaw and legislation _93931 |
| 651 | 0 |
_aMalaysia _xForeign relations _911 |
|
| 710 | 1 |
_aMalaysia. _bJabatan Peguam Negara. _bBahagian Hal Ehwal Antarabangsa _93932 |
|
| 942 |
_2ddc _cBOOK |
||